[Event "Belgrade Trophy 29th"]
[Site "Belgrade"]
[Date "2015.11.27"]
[Round "4"]
[White "Devetak, Dusan"]
[Black "Martic, Ivan"]
[Result "0-1"]
[WhiteElo "2082"]
[BlackElo "2369"]
[PlyCount "72"]
[EventDate "2015.11.24"]
[EventType "swiss"]
[EventRounds "9"]
[EventCountry "SRB"]
[SourceTitle "CBM 169 Extra"]
[Source "ChessBase"]
[SourceDate "2015.12.18"]
[SourceVersion "1"]
[SourceVersionDate "2015.12.18"]
[SourceQuality "1"]

1. e4 c5 2. Nf3 d6 3. c4 Nf6 4. Nc3 e6 5. d4 cxd4 6. Nxd4 a6 7. Be2 Qc7 8. 0-0 b6 9. Be3 Bb7 10. f3 Be7 11. Qe1 h6 12. Rc1 Nbd7 13. Qf2 Rc8 14. Rfd1 Qb8 15. Bf1 0-0 16. b3 Bd8 17. g3 Re8 18. Bg2 Bc7 19. Nde2 Ba8 20. Kh1 h5 21. Bf4 Ne5 22. h3 b5 23. cxb5 axb5 24. Be3 b4 25. Na4 d5 26. exd5 Nxd5 27. Ba7 Qb5 28. Nb2 h4 29. gxh4 Ng6 30. f4 Bxf4 31. Rxc8 Rxc8 32. Nc4 Bc7 33. h5 Ngf4 34. Nxf4 Nxf4 35. Bxa8 Rxa8 36. Be3 Qc6+ 0-1

[Event "Belgrade Trophy 29th"]
[Site "Belgrade"]
[Date "2015.11.26"]
[Round "3"]
[White "Maric, Dragan"]
[Black "Devetak, Dusan"]
[Result "0-1"]
[WhiteElo "2238"]
[BlackElo "2082"]
[PlyCount "60"]
[EventDate "2015.11.24"]
[EventType "swiss"]
[EventRounds "9"]
[EventCountry "SRB"]
[SourceTitle "CBM 170 Extra"]
[Source "ChessBase"]
[SourceDate "2016.02.25"]
[SourceVersion "1"]
[SourceVersionDate "2016.02.25"]
[SourceQuality "1"]

1. e4 d6 2. d4 Nf6 3. Nc3 g6 4. Nf3 Bg7 5. Be2 Bg4 6. h3 Bxf3 7. Bxf3 c6 8. a4 Nbd7 9. 0-0 0-0 10. Be3 Qc7 11. g3 Rfe8 12. Bg2 e5 13. f4 Nh5 14. Kh2 exf4 15. gxf4 f5 16. Qd2 fxe4 17. Nxe4 d5 18. Nf2 Ndf6 19. Nd3 Ne4 20. Qe1 Neg3 21. Rf3 Bxd4 22. Qf2 Rxe3 23. Rxe3 Nf5 24. Rae1 Nxe3 25. Rxe3 Qb6 26. a5 Bxe3 27. Qe2 Qd4 28. c3 Nxf4 29. Nxf4 Qxf4+ 30. Kh1 Rf8 0-1

[Event "Belgrade Trophy 29th"]
[Site "Belgrade"]
[Date "2015.11.25"]
[Round "2"]
[White "Devetak, Dusan"]
[Black "Cvetkovic, Srdjan"]
[Result "1/2-1/2"]
[WhiteElo "2082"]
[BlackElo "2327"]
[PlyCount "72"]
[EventDate "2015.11.24"]
[EventType "swiss"]
[EventRounds "9"]
[EventCountry "SRB"]
[SourceTitle "CBM 169 Extra"]
[Source "ChessBase"]
[SourceDate "2015.12.18"]
[SourceVersion "1"]
[SourceVersionDate "2015.12.18"]
[SourceQuality "1"]

1. e4 c5 2. c3 d5 3. exd5 Qxd5 4. d4 e6 5. Nf3 Nf6 6. Be2 Nc6 7. 0-0 Be7 8. Na3 cxd4 9. Nb5 Qd8 10. Nbxd4 Nxd4 11. Nxd4 0-0 12. Bg5 a6 13. Bf3 Qc7 14. Re1 Re8 15. Qb3 e5 16. Nc2 Rb8 17. Bxf6 Bxf6 18. Ne3 Bg5 19. Nd5 Qc5 20. Qb6 Qxb6 21. Nxb6 Bf5 22. Nc4 e4 23. Nd6 Red8 24. Nxe4 Bxe4 25. Rxe4 Rd2 26. Rae1 g6 27. R4e2 Rbd8 28. g3 b6 29. Re8+ Rxe8 30. Rxe8+ Kg7 31. Re2 Rxe2 32. Bxe2 a5 33. f4 Be7 34. Kf2 Bc5+ 35. Kf3 f5 36. h3 Kf6 1/2-1/2

[Event "Belgrade Trophy 28th"]
[Site "Belgrade"]
[Date "2014.11.25"]
[Round "2"]
[White "Devetak, Dusan"]
[Black "Kokol, Peter"]
[Result "0-1"]
[WhiteElo "2118"]
[BlackElo "2310"]
[PlyCount "78"]
[EventDate "2014.11.24"]
[EventType "swiss"]
[EventRounds "9"]
[EventCountry "SRB"]
[SourceTitle "CBM 163 Extra"]
[Source "ChessBase"]
[SourceDate "2014.12.23"]
[SourceVersion "1"]
[SourceVersionDate "2014.12.23"]
[SourceQuality "1"]

1. Nf3 Nf6 2. g3 g6 3. Bg2 Bg7 4. 0-0 d5 5. d4 0-0 6. Nc3 b6 7. Bf4 Bb7 8. Qd2 Re8 9. Rad1 Nbd7 10. Ne5 a6 11. Rfe1 Ne4 12. Nxe4 dxe4 13. Qe3 Nf6 14. c4 Qc8 15. f3 Nh5 16. Bh6 Bxe5 17. dxe5 Qe6 18. f4 Qxc4 19. Rc1 Qb4 20. a3 Qxb2 21. Rxc7 Bd5 22. Bxe4 Bxe4 23. Qxe4 Qxa3 24. Rec1 Ng7 25. Bxg7 Kxg7 26. R1c3 Qb2 27. Kf2 Rad8 28. g4 Qd2 29. Rf3 Qd4+ 30. Qe3 a5 31. Rb7 Qxe3+ 32. Kxe3 Rb8 33. Rxb8 Rxb8 34. Kd4 b5 35. Rb3 Kf8 36. Ra3 Ra8 37. Kc5 b4 38. Ra4 b3 39. Kc4 b2 0-1

[Event "SRB-chT2 East"]
[Site "Leskovac"]
[Date "2014.09.25"]
[Round "1.2"]
[White "Devetak, Dusan"]
[Black "Stankovic, Ivan G"]
[Result "0-1"]
[WhiteElo "2139"]
[BlackElo "2235"]
[PlyCount "63"]
[EventDate "2014.09.25"]
[EventType "team-swiss"]
[EventRounds "6"]
[EventCountry "SRB"]
[SourceTitle "EXT 2015"]
[Source "ChessBase"]
[SourceDate "2014.11.20"]
[SourceVersion "1"]
[SourceVersionDate "2014.11.20"]
[SourceQuality "1"]

1. e4 g6 2. d4 c6 3. Nf3 Bg7 4. Bd3 d5 5. exd5 cxd5 6. 0-0 Nf6 7. Re1 0-0 8. Nbd2 Nc6 9. c3 a6 10. Nf1 b5 11. h3 Bb7 12. Bf4 Rc8 13. Qd2 Na5 14. Ng3 Nc4 15. Qe2 e6 16. Ne5 Nd7 17. Ng4 Qb6 18. Bh6 f5 19. Bxg7 Kxg7 20. Nh2 f4 21. Ngf1 Rce8 22. Nf3 e5 23. Bxc4 dxc4 24. dxe5 Bxf3 25. Qxf3 Nxe5 26. Qd5 Qf6 27. b3 Re7 28. bxc4 Rfe8 29. Nh2 Nxc4 30. Rxe7+ Rxe7 31. Rc1 Qe5 32. Qd3 0-1

[Event "Belgrade Trophy 26th"]
[Site "Belgrade"]
[Date "2012.12.01"]
[Round "8"]
[White "Stanimirovic, Milos"]
[Black "Devetak, Dusan"]
[Result "1-0"]
[WhiteElo "1957"]
[BlackElo "2156"]
[PlyCount "42"]
[EventDate "2012.11.24"]
[EventType "swiss"]
[EventRounds "9"]
[EventCountry "SRB"]
[SourceTitle "CBM 151 Extra"]
[Source "ChessBase"]
[SourceDate "2012.12.18"]
[SourceVersion "1"]
[SourceVersionDate "2012.12.18"]
[SourceQuality "1"]

1. e4 d6 2. d4 Nf6 3. Nc3 g6 4. Be3 Bg7 5. f3 c6 6. Qd2 Nbd7 7. Bh6 0-0 8. h4 Qa5 9. Nge2 b5 10. h5 b4 11. Nd1 e5 12. Ng3 d5 13. Nf5 gxf5 14. Qg5 Ne8 15. Bxg7 f6 16. Bxf6+ Kf7 17. Bd8 Qa4 18. b3 Qa3 19. dxe5 Nxe5 20. Qe7+ Kg8 21. Qxe5 Bd7 1-0

[Event "Belgrade Trophy 26th"]
[Site "Belgrade"]
[Date "2012.11.29"]
[Round "6"]
[White "Stankovic, Milos"]
[Black "Devetak, Dusan"]
[Result "1-0"]
[WhiteElo "2359"]
[BlackElo "2156"]
[PlyCount "40"]
[EventDate "2012.11.24"]
[EventType "swiss"]
[EventRounds "9"]
[EventCountry "SRB"]
[SourceTitle "CBM 151 Extra"]
[Source "ChessBase"]
[SourceDate "2012.12.18"]
[SourceVersion "1"]
[SourceVersionDate "2012.12.18"]
[SourceQuality "1"]

1. e4 d6 2. d4 Nf6 3. Nc3 g6 4. Bg5 Bg7 5. Qd2 c6 6. f4 Qa5 7. Bd3 b5 8. Nf3 Bg4 9. e5 b4 10. Nd1 dxe5 11. fxe5 Nd5 12. Nf2 Bxf3 13. gxf3 0-0 14. h4 h5 15. Bh6 Nd7 16. e6 fxe6 17. Rg1 Rf6 18. Bxg6 Rxf3 19. Bxh5 Re3+ 20. Bxe3 Nxe3 1-0

[Event "Belgrade Trophy 26th"]
[Site "Belgrade"]
[Date "2012.11.27"]
[Round "4"]
[White "Devetak, Dusan"]
[Black "Pantelic, Sasa"]
[Result "1/2-1/2"]
[WhiteElo "2156"]
[BlackElo "2333"]
[PlyCount "90"]
[EventDate "2012.11.24"]
[EventType "swiss"]
[EventRounds "9"]
[EventCountry "SRB"]
[SourceTitle "CBM 151 Extra"]
[Source "ChessBase"]
[SourceDate "2012.12.18"]
[SourceVersion "1"]
[SourceVersionDate "2012.12.18"]
[SourceQuality "1"]

1. e4 c5 2. Nf3 d6 3. Bb5+ Bd7 4. Bxd7+ Nxd7 5. 0-0 Ngf6 6. d3 e6 7. h3 Be7 8. Bf4 0-0 9. a4 Re8 10. Nbd2 Nf8 11. Re1 Ng6 12. Bh2 b6 13. e5 Nd5 14. exd6 Bxd6 15. Bxd6 Qxd6 16. Nc4 Qc7 17. Nfe5 Ngf4 18. Qf3 f6 19. Ng4 Rad8 20. Nge3 Nb4 21. Rad1 Nc6 22. Qg3 Nd4 23. Kf1 e5 24. Nd2 Kh8 25. Nf3 Qc6 26. b3 Nxf3 27. gxf3 Qe6 28. h4 Qf7 29. Ng2 Nd5 30. Rc1 Nc3 31. Ne3 Rd7 32. Nd1 Na2 33. Ra1 Nb4 34. Rc1 Nc6 35. Nc3 Nd4 36. Ne2 Nf5 37. Qg4 Nd6 38. Ng3 f5 39. Qh3 Rde7 40. Re2 h6 41. Rce1 Re6 42. f4 exf4 43. Rxe6 Rxe6 44. Rxe6 Qxe6 45. Ne2 Qe5 1/2-1/2

[Event "Belgrade Trophy 26th"]
[Site "Belgrade"]
[Date "2012.11.26"]
[Round "3"]
[White "Boskovic, Dubravko"]
[Black "Devetak, Dusan"]
[Result "0-1"]
[WhiteElo "1888"]
[BlackElo "2156"]
[PlyCount "76"]
[EventDate "2012.11.24"]
[EventType "swiss"]
[EventRounds "9"]
[EventCountry "SRB"]
[SourceTitle "CBM 151 Extra"]
[Source "ChessBase"]
[SourceDate "2012.12.18"]
[SourceVersion "1"]
[SourceVersionDate "2012.12.18"]
[SourceQuality "1"]

1. c4 Nf6 2. Nc3 g6 3. g3 Bg7 4. Bg2 c6 5. e4 d6 6. Nge2 e5 7. 0-0 Be6 8. d3 Na6 9. Rb1 Qd7 10. b4 0-0 11. a3 d5 12. exd5 cxd5 13. c5 Bh3 14. d4 Bxg2 15. Kxg2 e4 16. Bf4 Nc7 17. Bd6 Rfd8 18. b5 Ne6 19. Be5 Ng5 20. Ng1 Qf5 21. h4 Ne6 22. f3 Qh5 23. Qe1 exf3+ 24. Nxf3 Ng4 25. Bxg7 Nxg7 26. Qd2 Re8 27. Rfe1 Nf5 28. Nd1 Nf6 29. Ne3 Nxg3 30. Nf1 Nge4 31. Qf4 Qg4+ 32. Qxg4 Nxg4 33. Rec1 Rac8 34. a4 Kg7 35. a5 Re6 36. Rc2 h6 37. Ng3 Ne3+ 38. Kh2 Nxc2 0-1

[Event "SRB-chT2 East CS"]
[Site "Serbia"]
[Date "2012.09.14"]
[Round "1.51"]
[White "Mitic, Dragan"]
[Black "Devetak, Dusan"]
[Result "1/2-1/2"]
[WhiteElo "2151"]
[BlackElo "2156"]
[PlyCount "45"]
[EventDate "2012.09.14"]
[EventType "team"]
[EventRounds "9"]
[EventCountry "SRB"]
[SourceTitle "EXT 2015"]
[Source "ChessBase"]
[SourceDate "2014.11.20"]
[SourceVersion "1"]
[SourceVersionDate "2014.11.20"]
[SourceQuality "1"]

1. e4 d6 2. d4 Nf6 3. Nc3 g6 4. h3 Bg7 5. Nf3 0-0 6. Be3 c6 7. Qd2 Qa5 8. Bd3 Nbd7 9. 0-0 Re8 10. Ne2 Qxd2 11. Nxd2 e5 12. c3 d5 13. Ng3 exd4 14. cxd4 dxe4 15. Bxe4 Nxe4 16. Ngxe4 Nf6 17. Nd6 Rd8 18. Nxc8 Raxc8 19. Nf3 Nd5 20. Bd2 Nb6 21. Bc3 Nd5 22. Bd2 Nb6 23. Bc3 1/2-1/2

[Event "Belgrade Trophy 25th"]
[Site "Obrenovac"]
[Date "2011.11.25"]
[Round "2"]
[White "Miron, Lucian Costin"]
[Black "Devetak, Dusan"]
[Result "1-0"]
[WhiteElo "2513"]
[BlackElo "2185"]
[PlyCount "83"]
[EventDate "2011.11.24"]
[EventType "swiss"]
[EventRounds "9"]
[EventCountry "YUG"]
[SourceTitle "CBM 145 Extra"]
[Source "ChessBase"]
[SourceDate "2012.01.03"]
[SourceVersion "1"]
[SourceVersionDate "2012.01.03"]
[SourceQuality "1"]

1. d4 Nf6 2. c4 g6 3. Nf3 Bg7 4. g3 0-0 5. Bg2 d6 6. Nc3 c6 7. 0-0 Nbd7 8. e4 Qc7 9. Re1 e5 10. h3 Re8 11. Be3 h6 12. Qc2 b6 13. Rac1 Ba6 14. b3 Rac8 15. Qb1 Qb8 16. d5 c5 17. Rf1 b5 18. cxb5 Bxb5 19. Nxb5 Qxb5 20. Rfe1 Nb6 21. Bf1 Qd7 22. Kh2 Nh5 23. b4 Rb8 24. a3 Kh7 25. Be2 a5 26. bxc5 Nxd5 27. c6 Qc7 28. Bb5 Nxe3 29. Rxe3 Nf6 30. a4 d5 31. exd5 Nxd5 32. Rd3 Nf6 33. Nd2 Red8 34. Nc4 e4 35. Rxd8 Rxd8 36. Qc2 Bf8 37. Qc3 Bg7 38. Qxa5 Qc8 39. c7 Qf5 40. Qe1 Rf8 41. Nd6 Qh5 42. Be2 1-0

[Event "SRB-chT2 East"]
[Site "Serbia"]
[Date "2010.09.19"]
[Round "2"]
[White "Radosavljevic, Slobodan D"]
[Black "Devetak, Dusan"]
[Result "1/2-1/2"]
[WhiteElo "2260"]
[BlackElo "2230"]
[PlyCount "54"]
[EventDate "2010.09.11"]
[EventType "team"]
[EventRounds "11"]
[EventCountry "SRB"]
[SourceTitle "EXT 2012"]
[Source "ChessBase"]
[SourceDate "2011.11.24"]
[SourceVersion "1"]
[SourceVersionDate "2011.11.24"]
[SourceQuality "1"]

1. c4 Nf6 2. g3 g6 3. Bg2 Bg7 4. Nc3 0-0 5. Nf3 d6 6. 0-0 c6 7. d3 h6 8. Rb1 a5 9. a3 Nbd7 10. b4 axb4 11. axb4 Ng4 12. Qc2 Nge5 13. Nd2 Nf6 14. d4 Ned7 15. b5 c5 16. d5 Nb6 17. Bb2 Bd7 18. Ra1 Qc7 19. h3 Rfb8 20. e4 Qc8 21. Kh2 Rxa1 22. Rxa1 Ra8 23. Qb1 h5 24. f4 Bh6 25. Ne2 Bg7 26. Nc3 Bh6 27. Ne2 Bg7 1/2-1/2

[Event "SRB-chT2 East"]
[Site "Pozarevac"]
[Date "2009.10.08"]
[Round "6.4"]
[White "Dimitrijevic, Srdjan"]
[Black "Devetak, Dusan"]
[Result "1-0"]
[WhiteElo "2290"]
[BlackElo "2216"]
[PlyCount "98"]
[EventDate "2009.09.06"]
[EventType "team"]
[EventRounds "11"]
[EventCountry "SRB"]
[SourceTitle "EXT 2012"]
[Source "ChessBase"]
[SourceDate "2011.11.24"]
[SourceVersion "1"]
[SourceVersionDate "2011.11.24"]
[SourceQuality "1"]

1. d4 Nf6 2. c4 g6 3. Nc3 Bg7 4. e4 d6 5. Nf3 0-0 6. Be2 c6 7. 0-0 Qc7 8. h3 e5 9. Be3 Re8 10. d5 c5 11. Qd2 a6 12. Nh2 Nbd7 13. g4 Rf8 14. f3 Rb8 15. Rfc1 Kh8 16. Nf1 Rg8 17. Ng3 Ne8 18. h4 Nf8 19. Bd3 Qe7 20. Kg2 Nf6 21. a3 Qd7 22. Rh1 b5 23. cxb5 axb5 24. h5 gxh5 25. g5 Ne8 26. Rxh5 f6 27. g6 Nxg6 28. Rxh7+ Kxh7 29. Rh1+ Nh4+ 30. Rxh4+ Kg6 31. f4 b4 32. axb4 Rxb4 33. Be2 Kf7 34. Bh5+ Kf8 35. f5 Qb7 36. Nd1 Bd7 37. Bg6 Ba4 38. Kh3 Rh8 39. Rxh8+ Bxh8 40. Qe2 Bg7 41. Qh5 Nc7 42. Nc3 Be8 43. Qh7 Bxg6 44. fxg6 Ne8 45. Nf5 Qa6 46. Nxg7 Qf1+ 47. Kg3 Nxg7 48. Qh8+ Ke7 49. Qxg7+ Kd8 1-0

[Event "SRB-chT2 East"]
[Site "Pozarevac"]
[Date "2009.09.20"]
[Round "3.6"]
[White "Devetak, Dusan"]
[Black "Raicevic, Ivica"]
[Result "1-0"]
[WhiteElo "2216"]
[BlackElo "2315"]
[PlyCount "106"]
[EventDate "2009.09.06"]
[EventType "team"]
[EventRounds "11"]
[EventCountry "SRB"]
[SourceTitle "EXT 2012"]
[Source "ChessBase"]
[SourceDate "2011.11.24"]
[SourceVersion "1"]
[SourceVersionDate "2011.11.24"]
[SourceQuality "1"]

1. e4 e6 2. d4 d5 3. Nc3 Be7 4. Nf3 Nf6 5. exd5 exd5 6. Be2 0-0 7. 0-0 Bf5 8. Bf4 c6 9. Re1 Nbd7 10. Bd3 Bg4 11. h3 Bh5 12. Be2 Bb4 13. Nd2 Bg6 14. Ncb1 Re8 15. c3 Bf8 16. Nf3 Ne4 17. Nbd2 Qf6 18. Bh2 Bd6 19. Bxd6 Qxd6 20. Nxe4 dxe4 21. Nh4 Nf6 22. Nxg6 hxg6 23. Qd2 Rad8 24. Rad1 e3 25. fxe3 Ne4 26. Qc2 Qg3 27. Bf1 Ng5 28. Kh1 Re4 29. Re2 Rde8 30. Qd2 Rxe3 31. Rxe3 Rxe3 32. Qc2 Ne4 33. Kg1 Kh7 34. Rd3 f5 35. Rxe3 Qxe3+ 36. Kh2 Qg3+ 37. Kg1 Ng5 38. Kh1 Ne4 39. Kg1 Qe3+ 40. Kh2 Kh6 41. Qe2 Qg3+ 42. Kg1 Qf4 43. Qc2 Nd2 44. Qd3 Ne4 45. Qc2 Qe3+ 46. Kh2 Nd2 47. Qd3 Qf2 48. Be2 g5 49. Qxd2 f4 50. Qd3 Qe1 51. Qf3 g6 52. Bd3 Qh4 53. Qg4 Qf2 1-0

[Event "SRB-chT3 East"]
[Site "Kladovo"]
[Date "2008.10.24"]
[Round "7.1"]
[White "Devetak, Dusan"]
[Black "Dinic, Dragan"]
[Result "1/2-1/2"]
[WhiteElo "2214"]
[BlackElo "2331"]
[PlyCount "91"]
[EventDate "2008.09.14"]
[EventType "team"]
[EventRounds "11"]
[EventCountry "SRB"]
[SourceTitle "EXT 2012"]
[Source "ChessBase"]
[SourceDate "2011.11.24"]
[SourceVersion "1"]
[SourceVersionDate "2011.11.24"]
[SourceQuality "1"]

1. e4 e5 2. Nf3 Nc6 3. d4 exd4 4. Nxd4 Bc5 5. Be3 Qf6 6. c3 Nge7 7. Bc4 0-0 8. 0-0 Qg6 9. Nd2 Ne5 10. Be2 d6 11. Bh5 Qf6 12. f4 N5c6 13. N2b3 Bb6 14. Qd2 Be6 15. Nxc6 Nxc6 16. Nd4 Bd7 17. Bf3 Qe7 18. Rae1 Rae8 19. Bf2 Nxd4 20. cxd4 Bb5 21. Be2 Bxe2 22. Rxe2 f5 23. e5 d5 24. Rc1 Qd7 25. Qb4 Re6 26. Re3 a5 27. Qd2 Rc6 28. Rxc6 Qxc6 29. Rc3 Qd7 30. h3 Re8 31. Rg3 Re6 32. Qc2 Rc6 33. Rc3 Rxc3 34. bxc3 Qe6 35. Kf1 Kf7 36. Ke2 g6 37. Kd3 Ba7 38. Qb3 Qa6+ 39. c4 c6 40. a4 b6 41. Kc3 Ke6 42. cxd5+ cxd5 43. Qa3 Qc8+ 44. Kd2 Qd8 45. Ke3 Bb8 46. Kf3 1/2-1/2

[Event "SRB-chT3 East"]
[Site "Serbia"]
[Date "2006.10.15"]
[Round "6.1"]
[White "Brankovic, Dejan"]
[Black "Devetak, Dusan"]
[Result "1/2-1/2"]
[WhiteElo "2394"]
[BlackElo "2208"]
[PlyCount "49"]
[EventDate "2006.09.10"]
[EventType "team"]
[EventRounds "11"]
[EventCountry "SRB"]
[SourceTitle "EXT 2012"]
[Source "ChessBase"]
[SourceDate "2011.11.24"]
[SourceVersion "1"]
[SourceVersionDate "2011.11.24"]
[SourceQuality "1"]

1. e4 d6 2. d4 Nf6 3. Nc3 g6 4. g3 Bg7 5. Bg2 0-0 6. Nge2 c6 7. a4 Nbd7 8. h3 e5 9. Be3 Re8 10. 0-0 b6 11. g4 Ba6 12. Re1 Bxe2 13. Rxe2 Qc7 14. d5 cxd5 15. exd5 Nc5 16. Nb5 Qb8 17. Na3 a6 18. Nc4 Qc7 19. Qd2 Reb8 20. b3 Nfd7 21. Rae1 Qd8 22. Rb1 Bf6 23. f4 exf4 24. Bxf4 Ne5 25. Nxe5 1/2-1/2